| 000 | 00596cam a22002291 4500 | ||
|---|---|---|---|
| 001 | sa 67005431 | ||
| 003 | DLC | ||
| 005 | 20260227112357.0 | ||
| 008 | 890427s1965 ii ac b 000 0 telo | ||
| 010 | _asa 67005431 | ||
| 035 | _a(OCoLC)19614540 | ||
| 040 |
_aDLC _cWaU _dOCoLC _dDLC |
||
| 042 | _apremarc | ||
| 050 | 0 | 0 |
_aDS479.1.N25 _bP3 |
| 100 | 1 | _aParthasarathy, N. C. S. | |
| 245 | 0 | 0 | _aDādābhāyi Naurōjī. |
| 260 | _c1965. | ||
| 300 |
_aii, 131 p. _billus., port. _c22 cm. |
||
| 500 | _aIn Telugu. | ||
| 504 | _aBibliography: p. 131. | ||
| 600 | 1 | 0 |
_aNaoroji, Dadabhai, _d1825-1917. |
| 999 |
_c75203 _d75203 |
||